000 00484nam a2200181Ia 4500
001 5225
005 20260306145852.0
008 260306t2011||||xx |||||||||||||| ||spa||
041 _aESP
082 _a338.23
_bI59
100 _aInstituto de Ingenieros de Minas del Perú
_eAUT
245 0 _aMinería peruana:
_bcontribución al desarrollo económico y social
260 _c2011
300 _a145 páginas :
_c27 cm.
650 _aGEN
654 _aCAN
942 _cLIB
_dJUS
_fJUS
_2ddc
_n
999 _c5225
_d5225